| 000 | 00602nam a22002177a 4500 | ||
|---|---|---|---|
| 003 | OSt | ||
| 005 | 20161021183055.0 | ||
| 008 | 140701b xxu||||| |||| 00| 0 eng d | ||
| 020 | _a 9781904842422: | ||
| 040 | _cDNLM | ||
| 082 |
_aQS520 K541h 2008 _bK |
||
| 100 |
_aKiernan, J.A _9270 |
||
| 245 |
_aHistological and Histochemical methods: _btheory and practice |
||
| 250 | _a4th ed. | ||
| 260 |
_aUK: _bScion, _c2008 |
||
| 300 |
_axvi,606p: _bIll; _c24.5cm |
||
| 504 | _aBibliography, glossary, index all included. | ||
| 650 |
_2Histology _9194 |
||
| 650 |
_aHistochemical _911235 |
||
| 942 |
_2z _cO_SHELF |
||
| 999 |
_c93 _d93 |
||